Qaid e tanhai (Record no. 11457)

000 -LEADER
fixed length control field 00415nam a22001697a 4500
003 - CONTROL NUMBER IDENTIFIER
control field NUST
005 - DATE AND TIME OF LATEST TRANSACTION
control field 20240121164851.0
008 - FIXED-LENGTH DATA ELEMENTS--GENERAL INFORMATION
fixed length control field 240121b ||||| |||| 00| 0 eng d
082 ## - DEWEY DECIMAL CLASSIFICATION NUMBER
Classification number 891.4393
Author Mark AHM
100 ## - MAIN ENTRY--PERSONAL NAME
Personal name Umaira Ahmad
9 (RLIN) 2510
245 ## - TITLE STATEMENT
Title Qaid e tanhai
260 ## - PUBLICATION, DISTRIBUTION, ETC.
Place of publication, distribution, etc. Lahore
Name of publisher, distributor, etc. Ilm-o-irhan Publisher
Date of publication, distribution, etc. 2011
300 ## - PHYSICAL DESCRIPTION
Extent 520 p.
650 ## - SUBJECT ADDED ENTRY--TOPICAL TERM
Topical term or geographic name entry element Urdu literature
700 ## - ADDED ENTRY--PERSONAL NAME
Personal name Umaira Ahmad
9 (RLIN) 2510
942 ## - ADDED ENTRY ELEMENTS (KOHA)
Koha item type Book
Source of classification or shelving scheme
Holdings
Withdrawn status Lost status Source of classification or shelving scheme Damaged status Not for loan Permanent Location Current Location Shelving location Date acquired Source of acquisition Cost, normal purchase price Total Checkouts Total Renewals Full call number Barcode Date last seen Date last checked out Price effective from Koha item type
          Central Library (CL) Central Library (CL) General Stacks 11/20/2012 Academic Book Company 320.00 16 1 891.4393 AHM SEECS011706 12/08/2022 10/04/2022 12/21/2012 Book
© 2023 Central Library, National University of Sciences and Technology. All Rights Reserved.